000 00417nam a22001577a 4500
003 AR-RoIUNI
005 20241122062845.0
008 190612b xxu||||| |||| 00| 0 spa d
040 _cIUNIR
080 _a616.4 FOR
245 1 _aEsquemas clínico-visuales en endocrinología
_bFormiguera, J.
_n2
260 _aBarcelona
_bDoyma
_cc1992
300 _a59 p.
_c23 cm.
650 1 0 _aEndocrinología
_9284
942 _2cdu
_cBK
999 _c4746
_d4746